• 首页
  • 本馆介绍
  • 公告通知
  • 最新文献
  • 馆藏检索
  • 电子资源
  • 读者导购
  • 参考咨询
  • 我的图书馆
  • 登录
  • 详细信息显示
  • 放入我的书架
  • 预约/预借图书
  • 作者相关作品
  • 分类相关作品
  • 丛书相关作品
  • 出版社相关作品

书目信息

  • 表格格式
  • 工作单格式
  • 卡片格式
题名:
社会主义经济理论问题
    
 
作者: 薛暮桥 著
分册:  
出版信息: 北京   人民出版社  1979
页数: 201页
开本: 20cm
丛书名:
单 册:
中图分类: F04
科图分类:
主题词: 社会主义政治经济学--文集
电子资源:
ISBN:
000 00585nam0 2200217 45
001 0179008185
005 20060911105035.48
010    @dCNY0.50
091    @aCN@b4001.350
100    @a19950714d1979 em y0chiy0121 ea
101 0  @achi
102    @aCN@b110000
105    @ay z 000yy
200 10 @a社会主义经济理论问题@Ashe hui zhu yi jing ji li lun wen ti@f薛暮桥著
210    @a北京@c人民出版社@d1979
215    @a201页@d20cm
606    @a社会主义政治经济学@x文集
690    @aF04@v3
701  0 @a薛暮桥@Axue mu qiao@4著
801  0 @aCN@bTSSF@c20060911
905    @a10447@dF04@e105
    
    社会主义经济理论问题/薛暮桥著.-北京:人民出版社,1979
    201页;20cm
    
    
    ISBN :CNY0.50
    
●
相关链接 在E读中查询图书 在五车中查询图书 在当当中查询图书 在豆瓣中查询图书


正题名:社会主义经济理论问题     索取号:F04/105         预约/预借

序号 登录号 条形码 馆藏地/架位号 状态 备注
1 0471902   204719028   密集书库/ [索取号:F04/105] 在馆    
唐山师范学院图书馆 欢迎您!
大连网信软件有限公司© 版权所有